Top 10 US States that Produce the Most Wind Energy - Statistics

General Stats
  • This quiz has been taken 16 times
  • The average score is 8 of 10
Answer Stats
Amount (GWh) State % Correct
124,936 Texas
100%
14,818 California
93%
44,306 Iowa
93%
30,320 Kansas
87%
15,285 New Mexico
87%
38,635 Oklahoma
87%
17,603 Colorado
80%
24,432 Illinois
73%
14,934 Minnesota
73%
15,030 North Dakota
73%
No matching quizzes found
Score Distribution
Percent of People with Each Score
Percentile by Number Answered
Your Score History
You have not taken this quiz